| 000 | 00767nam a2200241 i 4500 | ||
|---|---|---|---|
| 001 | 177452 | ||
| 003 | ES-MaACL | ||
| 005 | 20230906220331.0 | ||
| 007 | t| | ||
| 008 | 110324q1943 sp af |||| |dspa d | ||
| 080 | _a75Brueghel | ||
| 100 | 1 |
_aPérez-Dolz, Francisco. _990836 |
|
| 245 | 1 | 4 |
_aLos paisajes de Brueghel / _ctexto explicativo por F. Pérez-Dolz y M. Gutiérrez-Marín. |
| 260 |
_aBarcelona : _bOrbis, _c1943. |
||
| 300 |
_a23 p. , 10 h. de lám. col. ; _c26 cm. |
||
| 490 | 1 |
_aMonografías de arte ; _v9 |
|
| 500 | _aÍndice. | ||
| 600 | 1 | 4 |
_aBrueghel, Pieter. _9145172 |
| 700 | 1 |
_aGutiérrez Marín, Manuel. _961180 |
|
| 830 | 0 |
_aMonografías de arte ; _v9 _9179845 |
|
| 852 |
_aES-MaACL _jE-14708 _xOlim P-334-bis |
||
| 999 |
_c177452 _d177452 |
||